000
00304nam a2200133Ia 4500
008
210210b1976 xxu||||| |||| 00| 0 eng d
082
_a
155.6 SHEP
100
_a
SHEEHY (Gail).
245
_a
Passages.
260
_a
USA
_b
Bantam books
_c
1976
300
_a
560
690
_a
Psychology
906
_a
SG01380
999
_c
112921
_d
112921